000 01769cam a2200457 a 4500
999 _c2779
_d2779
001 17453117
003 OSt
005 20230821093405.0
008 120905s2008 enkab 000 1 eng d
010 _a 2012450551
020 _a9780194792189 (pbk.)
020 _a0194792188 (pbk.)
035 _a(OCoLC)ocn191245172
040 _aYDXCP
_beng
_cYDXCP
_dBAKER
_dBTCTA
_dSDE
_dA6Q
_dOCLCA
_dOCLCQ
_dGO4
_dDLC
_dKH8
042 _alccopycat
043 _af-nr---
082 _a428.6 BOR
100 1 _aBorder, Rosemary,
_d1943-
245 1 4 _aThe Bride price /
_cBuchi Emecheta ; retold by Rosemary Border.
250 _aSimplified ed.
260 _aOxford :
_bOxford University Press,
_cc2008.
300 _a104 p. :
_bill., map ;
_c20 cm.
490 0 _aOxford bookworms library. Human interest. Stage 5
500 _aIncludes glossary and activities.
520 _aAku-nna, a young Ibo girl schooled in her people's rituals and beliefs, undergoes kidnapping, forced betrothal, and near-shame out of love for Chike, son of a former slave.
650 0 _aReaders (Adult)
650 0 _aReading comprehension
_vProblems, exercises, etc.
650 0 _aEnglish language
_vTextbooks for foreign speakers.
650 0 _aHigh interest-low vocabulary books.
650 0 _aBride price
_zNigeria
_vFiction.
650 0 _aGirls
_zNigeria
_vFiction.
650 0 _aOrphans
_zNigeria
_vFiction.
650 0 _aMan-woman relationships
_zNigeria
_vFiction.
650 0 _aSpouses
_zNigeria
_vFiction.
651 0 _aNigeria
_xSocial life and customs
_vFiction.
655 0 _aRomance fiction.
700 1 _aEmecheta, Buchi.
_tBride price.
906 _a7
_bcbc
_ccopycat
_d2
_encip
_f20
_gy-gencatlg
942 _2ddc
_cTR